000 00358nam a2200145 i 4500
001 bg
100 1 _aMAURI, H.
245 0 _aVorrichtungsbau.
_nBd. 1,
_pEinteilung, Aufgaben u. Elemente /
_cH. Mauri.
250 _a9. verb. Aufl.
260 _aBerlin,
_c1969.
040 _cBPK
041 _apol
942 _cKS
008 s pl f |000 0 pol
999 _c47075
_d47075
856 _uhttp://koha.tu.koszalin.pl/cgi-bin/koha/opac-detail.pl?biblionumber=47075
_yKatalog online BPK